|
|
|
|
| LEADER |
00000cam a2200000 7i4500 |
| 001 |
0000000667 |
| 005 |
20000920.0 |
| 020 |
0 |
0 |
|a 9836221131
|
| 090 |
0 |
0 |
|a 302.2
|b ROG 1993
|
| 100 |
1 |
0 |
|a ROGERS
|h Everett M.
|
| 245 |
1 |
0 |
|a Teknologi komunikasi :
|b Media baru dalam masyarakat
|c Everett M. Rogers, penterjemah Zulkarnaina Mohd. Mess
|
| 260 |
0 |
0 |
|a Kuala Lumpur :
|b DBP ,
|c 1993
|
| 300 |
|
|
|a xiii, 321 p. :
|b ill. ;
|c 21 cm.
|
| 500 |
0 |
0 |
|a Bibliography: [p. 300-314] and index
|
| 650 |
0 |
0 |
|a Communication
|x Social aspects
|
| 700 |
0 |
1 |
|a Zulkarnaina Mohd. Mess
|
| 999 |
|
|
|a 0000000318
|b Monograph
|c Open Shelf
|e Default branch
|